Ganas Sobran - Bryant Myers, Miky Woodz, Justin Quiles - Estadísticas

Estadísticas generales
  • Esta prueba ha sido intentada 158 veces
  • La puntuación promedio es 349 de 484
Estadísticas de respuestas
Letra % Correcto
a
100%
A
100%
'e
100%
Él
92%
él
92%
el
92%
él?
92%
ganas
92%
Ganas
92%
ha
92%
lo
92%
Lo
92%
más
92%
Me
92%
me
92%
no
92%
No
92%
pa'
92%
pa
92%
que
92%
Que
92%
¿Qué
92%
se
92%
92%
92%
Se
92%
si
92%
sobran
92%
te
92%
Y
92%
y
92%
Cuando
83%
cuando
83%
de
83%
De
83%
devorar
83%
En
83%
en
83%
enterar
83%
está
83%
la
83%
mi
83%
83%
ni
83%
nos
83%
pero
83%
Pero
83%
ti
83%
tu
83%
83%
83%
un
83%
Un
83%
va
83%
vo'
83%
Vo'
83%
voy
83%
yo
83%
Yo
83%
amiga
75%
cama
75%
cómo
75%
como
75%
con
75%
Con
75%
dijo
75%
estaba
75%
estar
75%
estás
75%
estas
75%
fingiendo
75%
fuimos
75%
hay
75%
las
75%
Le
75%
llama'
75%
los
75%
mar
75%
matarla'
75%
mejor
75%
novio
75%
Por
75%
por
75%
pregunté
75%
procuras
75%
quieras
75%
tienes
75%
todavía
75%
todo
75%
una
75%
virar
75%
yendo
75%
aguja
67%
al
67%
amor
67%
Ayer
67%
bebé
67%
bruja
67%
burbuja
67%
comimos
67%
dentro
67%
hablé
67%
has
67%
hechizo
67%
hiciste
67%
mal
67%
maltrata
67%
Para
67%
piel
67%
porque
67%
Porque
67%
repetirlo
67%
tengo
67%
traspasé
67%
tus
67%
aquí
58%
bebes
58%
dos
58%
enloquecer
58%
ere'
58%
eres
58%
estruja
58%
llamas
58%
locos
58%
lunes
58%
martes
58%
niegues
58%
olvida'o
58%
piensas
58%
placer
58%
prohibido
58%
ratito
58%
redes
58%
solo
58%
truquitos
58%
unidos
58%
vacune
58%
vives
58%
cristal
50%
cuáles
50%
deseo
50%
enfermar
50%
Estoy
50%
estoy
50%
hacemo'
50%
hacerte
50%
hora
50%
nunca
50%
quiero
50%
Quiero
50%
sabido
50%
sea
50%
siempre
50%
son
50%
'tá
50%
tetas
50%
une
50%
vas
50%
vista
50%
aparentas
42%
Baby
42%
Chica
42%
crees
42%
cuerpo
42%
desea
42%
embustes
42%
empiezas
42%
sin
42%
Ya
42%
ya
42%
ahí
33%
buscarte
33%
capital
33%
cara
33%
cojone'
33%
Déjate
33%
engañar
33%
escápate
33%
eso
33%
excusas
33%
feliz?
33%
feliz
33%
meter
33%
misma
33%
negar
33%
nota
33%
otra
33%
pa'l
33%
pegada'
33%
proba'o
33%
pruebes
33%
puedes
33%
querer
33%
'tás
33%
vengas
33%
ves
33%
vez
33%
Bocachica
25%
cielo
25%
comerte
25%
Conmigo
25%
conmigo
25%
decirme
25%
emociones
25%
espaldas
25%
gusto
25%
impresionar
25%
mirando
25%
penthouse
25%
pone
25%
pongo
25%
quedes
25%
sensacione'
25%
bajamo'
17%
Bellaqueando
17%
Después
17%
felices
17%
mía
17%
na'
17%
parar
17%
déjala
8%
ninguna
8%
pa'horita
8%
sientes
8%
fake
0%
No se encontraron pruebas coincidentes
Distribución de puntuación
Porcentaje de gente con cada puntuación
Porcentaje por número respondido
Historial de tus puntuaciones
No has intentado esta prueba.